| 000 | 02169nam0a2200361 4500 | ||
|---|---|---|---|
| 001 | RU\NLR\BIBL_A\011508987 | ||
| 005 | 20260407134057.0 | ||
| 010 |
_a5-89282-068-8 _9200 |
||
| 035 | _a(RuMoRGB)000745857 | ||
| 035 | _a(RuMoRGB)KNO-0207646 | ||
| 035 | _a(NLR Aleph) 011508987 | ||
| 090 |
_a12035113 _c12035113 |
||
| 100 | _a20171027d2001 |||y0rusy50 ca | ||
| 101 | 0 | _arus | |
| 102 | _aRU | ||
| 105 | _aac z 100zy | ||
| 200 | 1 |
_aРоссия - Индия: перспективы регионального сотрудничества (г. Петрозаводск) _e[материалы семинара (г. Петрозаводск, 23-24 апреля 2001 г.] _fРоссийская академия наук, Институт востоковедения _g[Редактор-составитель: Г.М. Кузнецова _gответственный редактор: В.П. Кашин] |
|
| 210 |
_aМосква _cИнститут востоковедения РАН _d2001 |
||
| 215 |
_a118 с. _cил., портр. _d20 |
||
| 320 | _aБиблиогр. в конце ст. | ||
| 607 |
_aРоссия _jСъезды, совещания и т.п _xВзаимоотношения _yИндия _92219920 _3RU\NLR\AUTH\661333075 |
||
| 607 |
_aИндия _jСъезды, совещания и т.п _xВзаимоотношения _yРоссия _92219923 _3RU\NLR\AUTH\661333076 |
||
| 686 | 1 | _aТ3(2)0-64(5Ид)я431 | |
| 686 | 1 | _aТ3(5Ид)0-64(2)я431 | |
| 702 | 1 |
_4220 _7ca _8rus _aКузнецова _bГ. М. _cвостоковед _gГалина Михайловна _9186271 _3RU\NLR\AUTH\770186322 |
|
| 702 | 1 |
_aКашин _bВ.П. _gВалерий Петрович _4340 |
|
| 711 | 1 | 2 |
_a"Россия-Индия: перспективы регионального сотрудничества", семинар _eПетрозаводск _f2001 _9594521 _3RU\NLR\AUTH\880466163 |
| 712 | 0 | 2 |
_4570 _aИнститут востоковедения _cМосква _3RU\NLR\AUTH\8810000899 _9498968 |
| 942 | _cBOOK | ||
| 980 | _aNB | ||